Vrai ou Faux - Géographie #2 - Statistiques

Statistiques générales
  • Ce quiz a été pris 141 179 fois
  • Le résultat moyen est 13 sur 18
Statistiques - réponses
Question Réponse % Correct
Sydney est la capitale de l'Australie Faux
93%
Tous les pays du monde ont un drapeau rectangulaire Faux
90%
Plus de 4 néerlandais sur 5 peuvent avoir une conversation en anglais Vrai
88%
La France produit la majeure partie de son électricité grâce au nucléaire Vrai
83%
Plus de 75% des 20 pays les plus pauvres du monde sont en Afrique (PIB/habitant) Vrai
82%
Brasilia est une ville portuaire Faux
72%
Le méridien de Greenwich traverse Londres Vrai
72%
Naples est au nord de Rome Faux
70%
Aix-la-Chapelle est une ville située en Belgique Faux
69%
La majorité des Polonais sont catholiques Vrai
69%
Nice est située sur la frontière entre la France et l'Italie Faux
68%
Aucun pays ne rejette plus de dioxyde de carbone dans l'atmosphère que les États-Unis Faux
67%
Le Japon a un taux de chômage plus élevé que les pays européens Faux
65%
L'hindi est la langue la plus parlée en Inde Vrai
64%
Le siège des Nations Unies peut être trouvé à New York Vrai
61%
La majorité des Turcs sont non-religieux depuis les politiques sécularistes d'Atatürk Faux
60%
La devise monétaire du Brésil est le peso Faux
49%
La Floride est l'état des États-Unis le plus méridional Faux
43%
Aucun quiz correspondant
Distribution des résultats
% des personnes avec chaque résultat
Percentile par nombre de réponses
Votre historique - résultats
Vous n’avez pas pris ce quiz